Montauban - Choix multiples - Statistiques

Statistiques générales
  • Ce quiz a été pris 65 fois
    15 depuis la dernière actualisation
  • Le résultat moyen est 7 sur 10
Statistiques - réponses
Question Réponse % Correct
Quel fleuve ou rivière traverse le centre de Montauban ? Le Tarn
100%
À partir du XVIe siècle, Montauban devient un bastion de quelle religion ? Le Protestantisme
93%
Quelle photo correspond à la place Nationale ?
86%
Quel musée d'art, dont le nom est celui de deux artistes, a servi à cacher La Joconde durant la Seconde Guerre Mondiale ? Musée Ingres-Bourdelle
86%
Quelle femme de lettres est Montalbanaise ? Olympe de Gouges
86%
Que s’est-il passé à Montauban en 1930 ? De violentes inondations ont touché la ville.
79%
Quelle photo n'a PAS été prise à Montauban ?
71%
Comment est surnommée la ville de Montauban ? La plus rose des villes roses
50%
Dans la période des rébellions, en 1621, les armées royales auraient tiré 400 coups de canon sur Montauban pour terroriser la population et obtenir sa reddition.
Depuis 1994, une fête "les 400 coups" est organisée chaque année.

En plus de la fête foraine, que peut-on trouver ?
Des défilés de chars et de nombreux spectacles
36%
Avant la création du département en 1808, dans quel département se trouvait Montauban ? Lot
0%
Aucun quiz correspondant
Distribution des résultats
% des personnes avec chaque résultat
Percentile par nombre de réponses
Votre historique - résultats
Vous n’avez pas pris ce quiz depuis la dernière actualisation